Statistics for Countries Containing C - One Minute Sprint

Click here to take the quiz!

General Stats

  • This quiz has been taken 158 times
  • The average score is 15 of 39

Answer Stats

country% Correct
China
80%
Canada
76%
Chile
73%
Colombia
73%
Chad
65%
Cuba
65%
Croatia
64%
Costa Rica
63%
Czechia
62%
Cambodia
61%
Cameroon
60%
Comoros
58%
Democratic Republic
of the Congo
57%
Republic of the Congo
56%
Central African Republic
51%
Cape Verde
38%
Cyprus
38%
Ecuador
32%
France
32%
Morocco
32%
Côte d'Ivoire
30%
Iceland
30%
Mexico
30%
South Africa
30%
Nicaragua
25%
Dominica
24%
Dominican Republic
24%
Greece
22%
Macedonia
22%
Seychelles
16%
Jamaica
15%
Vatican City
15%
Monaco
14%
Federated States
of Micronesia
13%
Madagascar
12%
Liechtenstein
11%
St Lucia
10%
St Vincent and
the Grenadines
8%
São Tomé and Príncipe
5%

Score Distribution

Percentile by Number Answered

Percent of People with Each Score

Your Score History

You have not taken this quiz